Stamp duty land tax (Record no. 103277)

MARC details
000 -LEADER
fixed length control field 00366cam a2200145 4500
008 - FIXED-LENGTH DATA ELEMENTS--GENERAL INFORMATION
fixed length control field 040112n2003 000 0 eng u
020 ## - INTERNATIONAL STANDARD BOOK NUMBER
International Standard Book Number 0521545153
035 ## - SYSTEM CONTROL NUMBER
System control number (Sirsi) u124816
245 ## - TITLE STATEMENT
Title Stamp duty land tax
260 ## - PUBLICATION, DISTRIBUTION, ETC.
Place of publication, distribution, etc. Cambridge University Press
Date of publication, distribution, etc. 2003
350 ## - PRICE (NR) (BK AM CF MU VM SE) [OBSOLETE]
Price 75
700 ## - ADDED ENTRY--PERSONAL NAME
Personal name Thomas, Michael
International Standard Serial Number Editor
700 ## - ADDED ENTRY--PERSONAL NAME
Personal name Goy, David
International Standard Serial Number Editor
942 ## - ADDED ENTRY ELEMENTS (KOHA)
Suppress in OPAC 0

No items available.